| 000 | 00506 a2200181 4500 | ||
|---|---|---|---|
| 003 | OSt | ||
| 005 | 20230902145235.0 | ||
| 008 | 230902b |||||||| |||| 00| 0 eng d | ||
| 020 | _a9789352837366 | ||
| 040 | _coclc | ||
| 082 |
_a338 _bAHU/B |
||
| 100 |
_aAhuja, H L _9470 |
||
| 245 |
_aBUSINESS ECONOMICS _b MICROECONOMIC ANALYSIS / _cH L Ahuja |
||
| 250 | _a13th ed. | ||
| 260 |
_aNew Delihi: _bS Chand, _c2022. |
||
| 300 | _a690 p | ||
| 942 |
_2ddc _cBK _h338 _iAHU/B _k338 _mAHU/B |
||
| 999 |
_c42078 _d42078 |
||